Missing Word: Two-Word Songs Quiz Stats

 Plays Quiz Updated Dec 29, 2014

Challenge
Share
Tweet
Embed
Score 0/24 Timer 04:00
0 Plays Today
Song Title Missing Word % Correct
_____ JudeHey
96.1%
Hound _____Dog
95.4%
_____ JeanBillie
95.1%
_____ VibrationsGood
94.2%
Material _____Girl
93.7%
_____ CaliforniaHotel
92.5%
_____ AliveStayin'
91.7%
_____ QueenDancing
91.6%
_____ DiggerGold
91%
Bohemian _____Rhapsody
91%
_____ FacePoker
85.6%
Gangsta's _____Paradise
77.3%
Song Title Missing Word % Correct
Lose _____Yourself
73.5%
Thrift _____Shop
73%
Down _____Under
70.1%
Teenage _____Dream
68.8%
Your _____Song
65.6%
Ms. _____Jackson
47.4%
Mr. _____Jones
46.6%
_____ PavementsChasing
43.7%
_____ TonightWonderful
41.4%
Hot _____Stuff
38.5%
Holy _____Grail
31.3%
All _____Apologies
24.8%

Today's Daily Dose

Missing Word
Directed by David

Word Ladder
The Jungle Book

On This Day
July 17th II

You're not logged in!

Compare scores with friends on all Sporcle quizzes.
Join for Free
OR
Log In

You Might Also Like...

Show Comments

Extras

Top Quizzes Today


Score Distribution

Your Account Isn't Verified!

In order to create a playlist on Sporcle, you need to verify the email address you used during registration. Go to your Sporcle Settings to finish the process.

Report this User

Report this user for behavior that violates our Community Guidelines.

Details: